000
00294nam a2200121Ia 4500
008
191201s2012 xx 000 0 und d
100
_a
KHANNA,S.K.
245
0
_a
Airport Planning and Design
260
_a
N. delhi
_b
Nem Chand
_c
2012
300
_a
547
650
_a
B.Tech(CE)
942
_2
ddc
_c
BK
_0
5
999
_c
6316
_d
6316